How can Energyst increase its profitability by 2.8% till 2019?

Bibliographic Details
Main Author: Valent Anna
Other Authors: Vallyon Dr. Andrea
Format: Thesis
Kulcsszavak:Hatékonyságnövelés
Jövedelmezőség
Energyst
Online Access:http://dolgozattar.uni-bge.hu/20078

MARC

LEADER 00000nta a2200000 i 4500
001 dolg20078
005 20200605135718.0
008 190108suuuu hu om 000 eng d
040 |a BGE Dolgozattár Repozitórium  |b hun 
041 |a en 
100 1 |a Valent Anna 
245 1 0 |a How can Energyst increase its profitability by 2.8% till 2019?  |c Valent Anna  |h [elektronikus dokumentum] 
246 1 1 |a Hogyan tudná Energyst jövedelmezőséget 2.8%-kal növelni 2019-re? 
695 |a Hatékonyságnövelés 
695 |a Jövedelmezőség 
695 |a Energyst 
700 1 |a Vallyon Dr. Andrea  |e ths 
856 4 0 |u http://dolgozattar.uni-bge.hu/20078/1/1819-Y4S1-IB-Graduation%20Thesis-Anna%20Valent.pdf  |z Dokumentum-elérés 
856 4 0 |u http://dolgozattar.uni-bge.hu/20078/7/Valent%20Anna_Bizalmas.pdf  |z Dokumentum-elérés